Belarus: Flags of the Regions - Statistics

General Stats
  • This quiz has been taken 22 times
  • The average score is 6 of 7
Answer Stats
Picture Answer % Correct
Minsk City
94%
Gomel
88%
Vitebsk
88%
Brest
81%
Grodno
81%
Minsk
81%
Mogilev
81%
No matching quizzes found
Score Distribution
Percent of People with Each Score
Percentile by Number Answered
Your Score History
You have not taken this quiz